00536nam a22001817a 450000500170000000800410001702000180005804000210007604100080009708200150010510000330012024500770015325000120023026000410024230000100028365000340029365000270032720230330143137.0230330b ||||| |||| 00| 0 eng d a9788193154793 aIN-DiNCcIN-DiNC dasm a305.4bHAK aHakacham, Upen Rabhaeauthor aEikhon Asamate:bnari sanskritir dukhariya sabi/cby Upen Rabha Hakacham a1st ed. aGuwahati:bOlympia prakashan,c2015. a132p. aCulture of womenfolk of Assam aWomen culture of Assam